| 000 | 00321nam a2200121Ia 4500 | ||
|---|---|---|---|
| 008 | 190216s9999||||xx |||||||||||||| ||und|| | ||
| 100 | _aKrishna Swamy Or | ||
| 245 | 0 | _aMethodology Of Research In Social Science | |
| 260 |
_bHimalaya Publishing House _c2003 |
||
| 300 | _a529 | ||
| 650 | _aResearch Methodology | ||
| 942 | _cBK | ||
| 999 |
_c6649 _d6649 |
||